Tasación de inmuebles urbanos / (Record no. 12753)

000 -CABECERA
fixed length control field 00730nam a22001937a 4500
003 - IDENTIFICADOR DEL NÚMERO DE CONTROL
control field AR-CdUCM
008 - DATOS DE LONGITUD FIJA--INFORMACIÓN GENERAL
fixed length control field 190410b ||||| |||| 00| 0 spa d
040 ## - FUENTE DE LA CATALOGACIÓN
Agencia/entidad que catalogó originalmente la obra MUNICIPALIDAD PROVINCIAL DEL CUSCO
Entidad que transcribió la catalogación BIBLIOTECA MUNICIPAL DEL CUSCO
082 ## - NÚMERO DE LA CLASIFICACIÓN DECIMAL DEWEY
No. de Clasificación 346.4 /
Notacion interna CH19
100 ## - ENTRADA PRINCIPAL--NOMBRE DE PERSONA
Nombre Personal Chandias, Mario e.
245 ## - MENCIÓN DE TÍTULO
Título Tasación de inmuebles urbanos /
260 ## - PUBLICACIÓN, DISTRIBUCIÓN, ETC.
Lugar de publicación, distribución, etc. Buenos aires :
Nombre de la editorial, distribuidor, etc. Alsina,
Fecha de publicación, distribución, etc. 1954.
300 ## - DESCRIPCIÓN FÍSICA
Nº de Páginas Extensión 242 páginas ;
Dimensiones 20 cm.
505 ## - NOTA DE CONTENIDO CON FORMATO
Nota de contenido formateada Contenido :Objeto y principios de la tasación -- El valor de la tierra -- Influencia de las dimensiones -- El valor de las construcciones -- La renta y el método indirecto ...
650 ## - PUNTO DE ACCESO ADICIONAL DE MATERIA--TÉRMINO DE MATERIA
Descriptor Tasaciones
9 (RLIN) 30795
650 ## - PUNTO DE ACCESO ADICIONAL DE MATERIA--TÉRMINO DE MATERIA
Descriptor Renta anual
9 (RLIN) 30796
942 ## - ELEMENTOS DE PUNTO DE ACCESO ADICIONAL (KOHA)
Fuente de clasificación
Tipo de item Libros-BMC
945 ## - PROCESAMIENTO DE INFORMACIÓN LOCAL (OCLC)
Catalogador rum
Holdings
Estado de retiro (separado) Fuente de clasificación o esquema de estanterías Estado dañado Ubicación Sala donde se ubica Nombre de la colección Fecha de adquisición o compra Costo, precio normal en soles Signatura topográfica Código de Barras Última vez visto (Koha) Tipo de ítem (Koha)
No     Sala Humanidades Sala Humanidades Book Cart 2019-04-10 25.00 346.4 / CH19 SH0000010482 2019-04-10 Libros-BMC

Powered by Koha